[Event "Titled Tuesday intern op 08th Sept"]
[Site "Chess.com INT"]
[Date "2020.09.08"]
[Round "6"]
[White "Isaev, Jamshed"]
[Black "Manukian, Artak"]
[Result "1-0"]
[WhiteElo "2296"]
[BlackElo "2196"]
[PlyCount "61"]
[EventDate "2020.09.08"]
[EventType "swiss (blitz)"]
[EventRounds "10"]
[EventCountry "USA"]
[SourceTitle "CBM 198 Extra"]
[Source "ChessBase"]
[SourceDate "2020.11.30"]
[SourceVersion "1"]
[SourceVersionDate "2020.11.30"]
[SourceQuality "1"]

1. d4 Nf6 2. Nc3 d5 3. Bf4 Bf5 4. f3 e6 5. g4 Bg6 6. h4 h5 7. g5 Nfd7 8. e3 Bd6 9. Bxd6 cxd6 10. Bd3 Bxd3 11. Qxd3 g6 12. f4 0-0 13. Nf3 Nc6 14. 0-0 Rc8 15. a3 a6 16. e4 dxe4 17. Nxe4 Qe7 18. c4 d5 19. cxd5 exd5 20. Nc3 Nb6 21. f5 Qd6 22. Kg2 Nc4 23. b3 Nxa3 24. fxg6 Nb5 25. Nxb5 axb5 26. gxf7+ Rxf7 27. Qxb5 Qf4 28. Qxd5 Qg4+ 29. Kh2 Rd8 30. Qxf7+ Kxf7 31. Ne5+ 1-0

[Event "Titled Tuesday intern op 08th Sept"]
[Site "Chess.com INT"]
[Date "2020.09.08"]
[Round "1"]
[White "Perera Alfonso, Rene Humberto"]
[Black "Isaev, Jamshed"]
[Result "1-0"]
[WhiteElo "2354"]
[BlackElo "2296"]
[PlyCount "81"]
[EventDate "2020.09.08"]
[EventType "swiss (blitz)"]
[EventRounds "10"]
[EventCountry "USA"]
[SourceTitle "CBM 198 Extra"]
[Source "ChessBase"]
[SourceDate "2020.11.30"]
[SourceVersion "1"]
[SourceVersionDate "2020.11.30"]
[SourceQuality "1"]

1. e4 e5 2. Nf3 Nc6 3. d4 exd4 4. Nxd4 Bc5 5. Nb3 Bb6 6. Nc3 Nge7 7. Bg5 h6 8. Bh4 d6 9. Qe2 Nd4 10. Nxd4 Bxd4 11. Qd2 Bxc3 12. Qxc3 0-0 13. 0-0-0 Qe8 14. f4 Ng6 15. Bg3 Qxe4 16. Bd3 Qxg2 17. Rhg1 Qc6 18. Qd2 Bg4 19. Rdf1 Rae8 20. f5 Ne7 21. f6 Ng6 22. fxg7 Kxg7 23. Bxg6 fxg6 24. Qd4+ Kh7 25. Qxg4 Re4 26. Qd1 Qe8 27. Rxf8 Qxf8 28. Rf1 Qe7 29. Qd5 Re6 30. b3 c6 31. Qd3 d5 32. Kb2 Re4 33. Qf3 Kg7 34. Bf2 a5 35. c3 Re2+ 36. Kb1 Qe4+ 37. Qxe4 dxe4 38. Bd4+ Kg8 39. Rf6 Rxh2 40. Rxg6+ Kf8 41. Re6 1-0

[Event "Asian-ch Seniors 50 zt 3.4"]
[Site "Chess.com INT"]
[Date "2020.07.16"]
[Round "1.5"]
[White "Isaev, Jamshed"]
[Black "Omuraliyev, Kayrat"]
[Result "1-0"]
[WhiteElo "2271"]
[BlackElo "1664"]
[PlyCount "37"]
[EventDate "2020.07.16"]
[EventType "swiss"]
[EventRounds "7"]
[EventCountry "UZB"]
[SourceTitle "EXT 2024"]
[Source "ChessBase"]
[SourceDate "2023.10.10"]
[SourceVersion "1"]
[SourceVersionDate "2023.10.10"]
[SourceQuality "1"]

1. e4 c5 2. Nf3 d6 3. d4 cxd4 4. Nxd4 Nf6 5. Nc3 a6 6. Bc4 e6 7. Bb3 b5 8. 0-0 Be7 9. Qf3 Bb7 10. Bxe6 fxe6 11. Nxe6 Qc8 12. Nxg7+ Kf7 13. Nf5 Nbd7 14. Bf4 Ne5 15. Bxe5 dxe5 16. Rad1 Qe6 17. Nd5 Bd8 18. Nxf6 Bxf6 19. Rd6 1-0

[Event "Asian Continental op 14th"]
[Site "Al Ain"]
[Date "2015.08.07"]
[Round "6"]
[White "Isaev, Jamshed"]
[Black "Asgarizadeh, Ahmad"]
[Result "1-0"]
[WhiteElo "2300"]
[BlackElo "2407"]
[PlyCount "113"]
[EventDate "2015.08.02"]
[EventType "swiss"]
[EventRounds "9"]
[EventCountry "UAE"]
[SourceTitle "CBM 168"]
[Source "ChessBase"]
[SourceDate "2015.09.14"]
[SourceVersion "1"]
[SourceVersionDate "2015.09.14"]
[SourceQuality "1"]

1. e4 e5 2. Nf3 Nc6 3. Bb5 a6 4. Ba4 Nf6 5. 0-0 Be7 6. Re1 b5 7. Bb3 d6 8. c3 0-0 9. h3 Na5 10. Bc2 c5 11. d4 Nd7 12. Nbd2 exd4 13. cxd4 Nc6 14. Nf1 Bf6 15. e5 dxe5 16. Be4 Bb7 17. dxe5 Ndxe5 18. Nxe5 Qxd1 19. Rxd1 Bxe5 20. Rd7 Rab8 21. Rxb7 Rxb7 22. Bxc6 Rc7 23. Bf3 c4 24. Ne3 Re8 25. Rb1 g6 26. Ng4 Bd4 27. Be3 Bg7 28. Bg5 Re6 29. Bd2 Rd7 30. Bb4 a5 31. Bxa5 Ra7 32. Bc3 Rxa2 33. Ne3 Rea6 34. Re1 Ra1 35. Nd1 Bxc3 36. bxc3 Re6 37. Kf1 b4 38. cxb4 c3 39. Ne3 Ra4 40. Nc2 Raa6 41. b5 Ra2 42. Rxe6 fxe6 43. Be4 Rb2 44. Bd3 Kf7 45. Ke2 Kf6 46. Ke3 Ke5 47. Nd4 Kd5 48. Ne2 Rb3 49. f4 Kc5 50. Nd4 Rb2 51. Nc2 Rb1 52. Ke2 Rg1 53. Ne1 h6 54. Kf2 Rh1 55. Bf1 h5 56. g3 h4 57. g4 1-0

[Event "Asian Continental op 14th"]
[Site "Al Ain"]
[Date "2015.08.03"]
[Round "2"]
[White "Zhang, Zhong"]
[Black "Isaev, Jamshed"]
[Result "1-0"]
[WhiteElo "2628"]
[BlackElo "2300"]
[PlyCount "105"]
[EventDate "2015.08.02"]
[EventType "swiss"]
[EventRounds "9"]
[EventCountry "UAE"]
[SourceTitle "CBM 168"]
[Source "ChessBase"]
[SourceDate "2015.09.14"]
[SourceVersion "1"]
[SourceVersionDate "2015.09.14"]
[SourceQuality "1"]

1. Nf3 d5 2. d4 Nf6 3. c4 e6 4. g3 Bb4+ 5. Bd2 Be7 6. Bg2 c6 7. Qc2 0-0 8. 0-0 Nbd7 9. Rd1 b6 10. Bf4 Bb7 11. Nc3 Rc8 12. e4 dxc4 13. e5 Nd5 14. Ne4 b5 15. Bg5 f6 16. exf6 N7xf6 17. Bxf6 gxf6 18. Qe2 Re8 19. Bh3 f5 20. Ne5 Rc7 21. Qh5 Bf8 22. Nc5 Bc8 23. Bg2 Bxc5 24. dxc5 Rf8 25. Rac1 Qf6 26. Qe2 Qe7 27. b3 c3 28. Bxd5 exd5 29. Rxc3 b4 30. Rcc1 f4 31. Re1 Qf6 32. Qd2 Rg7 33. Kh1 Bh3 34. f3 fxg3 35. hxg3 Rxg3 36. Rg1 Qxe5 37. Rxg3+ Qxg3 38. Rg1 Qxg1+ 39. Kxg1 Bf5 40. Qxb4 Bg6 41. Qa5 Be8 42. Qxa7 Rxf3 43. Qe7 Bf7 44. Qd7 Rf6 45. a4 Bg6 46. a5 Bd3 47. Qc8+ Kg7 48. a6 Rf1+ 49. Kg2 Ra1 50. Qb7+ Kf8 51. a7 Be4+ 52. Kf2 Ra2+ 53. Ke3 1-0

[Event "Asian Continental op 14th"]
[Site "Al Ain"]
[Date "2015.08.02"]
[Round "1"]
[White "Isaev, Jamshed"]
[Black "Rahman, Ziaur"]
[Result "0-1"]
[WhiteElo "2300"]
[BlackElo "2509"]
[PlyCount "80"]
[EventDate "2015.08.02"]
[EventType "swiss"]
[EventRounds "9"]
[EventCountry "UAE"]
[SourceTitle "CBM 168"]
[Source "ChessBase"]
[SourceDate "2015.09.14"]
[SourceVersion "1"]
[SourceVersionDate "2015.09.14"]
[SourceQuality "1"]

1. e4 c5 2. Nf3 e6 3. d4 cxd4 4. Nxd4 Nc6 5. Nc3 Qc7 6. Be3 a6 7. Nb3 Nf6 8. f4 d6 9. Bd3 Be7 10. 0-0 b5 11. Qf3 Bb7 12. Kh1 h5 13. h3 Nb4 14. Qf2 Rc8 15. Rae1 h4 16. Bb6 Qd7 17. Qd2 Nxd3 18. cxd3 Nh5 19. Ne2 f5 20. Na5 Ba8 21. Bf2 fxe4 22. dxe4 0-0 23. Qe3 Qe8 24. Nb3 Qg6 25. Nd2 Rc2 26. f5 exf5 27. Qb3+ Rc4 28. Nxc4 bxc4 29. Qxc4+ Kh8 30. Nc3 Nf4 31. Rg1 fxe4 32. Be3 d5 33. Qd4 Nd3 34. Ref1 Rxf1 35. Rxf1 Bc5 36. Qa4 Bxe3 37. Rf8+ Kh7 38. Nd1 Bc5 39. Rxa8 Qf7 40. Ne3 Bxe3 0-1

[Event "Dushanbe zt 3.4"]
[Site "Dushanbe"]
[Date "2015.06.09"]
[Round "6"]
[White "Isaev, Jamshed"]
[Black "Karimov, Alisher"]
[Result "1/2-1/2"]
[WhiteElo "2294"]
[BlackElo "2218"]
[PlyCount "115"]
[EventDate "2015.06.04"]
[EventType "swiss"]
[EventRounds "9"]
[EventCountry "TJK"]
[SourceTitle "CBM 167 Extra"]
[Source "ChessBase"]
[SourceDate "2015.09.14"]
[SourceVersion "1"]
[SourceVersionDate "2015.09.14"]
[SourceQuality "1"]

1. e4 c5 2. Nf3 e6 3. d4 cxd4 4. Nxd4 Nf6 5. Nc3 Nc6 6. Ndb5 d6 7. Bf4 e5 8. Bg5 a6 9. Na3 b5 10. Bxf6 gxf6 11. Nd5 Bg7 12. c3 f5 13. Bd3 Be6 14. Nxb5 axb5 15. Bxb5 Bd7 16. exf5 0-0 17. 0-0 Nb8 18. Bd3 Bc6 19. f6 Bxf6 20. Qh5 Re8 21. Qxh7+ Kf8 22. Be4 Bg7 23. Nb4 Bxe4 24. Qxe4 Na6 25. Nd5 Nc5 26. Qc4 Rc8 27. a4 e4 28. Qe2 Re5 29. Ne3 Nd3 30. f4 Re8 31. f5 Qb6 32. a5 Qxb2 33. Qxb2 Nxb2 34. f6 Bh8 35. a6 Nc4 36. Nd5 e3 37. a7 Ra8 38. Nc7 e2 39. Rfb1 Bxf6 40. Nxe8 Bxc3 41. Nc7 Bxa1 42. Nxa8 Bd4+ 43. Kh1 Bf2 44. Nc7 Nb6 45. a8Q+ Nxa8 46. Nxa8 e1Q+ 47. Rxe1 Bxe1 48. Nb6 Ke7 49. Kg1 Ke6 50. Kf1 Bb4 51. Nc4 Kd5 52. Nb2 Ke4 53. Ke2 d5 54. Nd3 Bd6 55. Nf2+ Kf5 56. g3 Ke5 57. Kf3 Kd4 58. Ke2 1/2-1/2

[Event "Dushanbe zt 3.4"]
[Site "Dushanbe"]
[Date "2015.06.07"]
[Round "4"]
[White "Isaev, Jamshed"]
[Black "Faizulaev, Akmal"]
[Result "0-1"]
[WhiteElo "2294"]
[BlackElo "2418"]
[PlyCount "76"]
[EventDate "2015.06.04"]
[EventType "swiss"]
[EventRounds "9"]
[EventCountry "TJK"]
[SourceTitle "CBM 167 Extra"]
[Source "ChessBase"]
[SourceDate "2015.09.14"]
[SourceVersion "1"]
[SourceVersionDate "2015.09.14"]
[SourceQuality "1"]

1. d4 Nf6 2. Nf3 g6 3. Bf4 Bg7 4. e3 0-0 5. Be2 c5 6. c3 b6 7. 0-0 Bb7 8. h3 d6 9. a4 Nc6 10. Nbd2 Rc8 11. Bh2 cxd4 12. exd4 Nd5 13. Nc4 Bh6 14. Re1 Qc7 15. Bf1 Nd8 16. a5 b5 17. Ne3 a6 18. Nd2 Ne6 19. c4 Nb4 20. Qb3 Nc6 21. d5 Nc5 22. Qd1 Nb4 23. cxb5 axb5 24. Bxb5 Ncd3 25. Re2 Nc1 26. Re1 Ncd3 27. Re2 Nc1 28. Re1 Ncd3 29. Rf1 Nxf2 30. Qe2 Qc5 31. Kxf2 Nc2 32. Ndc4 Qxb5 33. Qxc2 Bxe3+ 34. Kxe3 Rxc4 35. Qd3 Qc5+ 36. Ke2 Ba6 37. Kf3 Rf4+ 38. Kxf4 Bxd3 0-1

[Event "Dushanbe zt 3.4"]
[Site "Dushanbe"]
[Date "2015.06.06"]
[Round "3"]
[White "Atabayev, Maksat"]
[Black "Isaev, Jamshed"]
[Result "1-0"]
[WhiteElo "2484"]
[BlackElo "2294"]
[PlyCount "121"]
[EventDate "2015.06.04"]
[EventType "swiss"]
[EventRounds "9"]
[EventCountry "TJK"]
[SourceTitle "CBM 167 Extra"]
[Source "ChessBase"]
[SourceDate "2015.09.14"]
[SourceVersion "1"]
[SourceVersionDate "2015.09.14"]
[SourceQuality "1"]

1. e4 e5 2. Nf3 Nc6 3. Nc3 Nf6 4. Bb5 Bb4 5. 0-0 0-0 6. d3 d6 7. Ne2 Ne7 8. c3 Ba5 9. Ng3 c6 10. Ba4 Ng6 11. h3 h6 12. Re1 Re8 13. d4 b5 14. Bb3 c5 15. d5 Nf4 16. Nh2 Bd7 17. Qf3 g5 18. Ng4 Kh7 19. Bc2 b4 20. Bd2 bxc3 21. bxc3 Rb8 22. Rab1 Rxb1 23. Rxb1 Bb6 24. c4 Bc8 25. Kf1 Ba6 26. Bb3 Kg6 27. Kg1 Rh8 28. Nxf6 Qxf6 29. Nf5 h5 30. Re1 Bc8 31. Bc2 Qd8 32. Qc3 f6 33. Kh2 Kf7 34. Bd1 Bc7 35. Rf1 Bd7 36. Qa3 Bb8 37. Re1 Qc8 38. Bc2 Ng6 39. Kg1 Ne7 40. Nxe7 Kxe7 41. Rb1 Rg8 42. Qa5 h4 43. f3 Rd8 44. Ba4 Bxa4 45. Qxa4 Rd7 46. Qc6 Qe8 47. Qa8 Rd8 48. Rb7+ Kf8 49. Rh7 Kg8 50. Qb7 Qg6 51. Re7 Re8 52. Rd7 Kh8 53. Ba5 Qg8 54. Kf1 Rf8 55. Ke2 Re8 56. Kd3 Rf8 57. Kc2 Re8 58. Kb3 Rc8 59. Rh7+ Qxh7 60. Qxc8+ Qg8 61. Bd8 1-0

[Event "Dubai op 17th"]
[Site "Dubai"]
[Date "2015.04.11"]
[Round "6"]
[White "Idani, Pouya"]
[Black "Isaev, Jamshed"]
[Result "1-0"]
[WhiteElo "2496"]
[BlackElo "2310"]
[PlyCount "90"]
[EventDate "2015.04.06"]
[EventType "swiss"]
[EventRounds "9"]
[EventCountry "UAE"]
[SourceTitle "CBM 165 Extra"]
[Source "ChessBase"]
[SourceDate "2015.04.21"]
[SourceVersion "1"]
[SourceVersionDate "2015.04.21"]
[SourceQuality "1"]

1. Nf3 d5 2. c4 e6 3. g3 Nf6 4. Bg2 c6 5. b3 Be7 6. 0-0 0-0 7. d4 Nbd7 8. Nc3 b6 9. Bb2 Ba6 10. Nd2 Rc8 11. Re1 c5 12. dxc5 dxc4 13. b4 bxc5 14. b5 Rb8 15. a4 Bb7 16. Bxb7 Rxb7 17. Nxc4 Nb6 18. Ne5 Nfd5 19. Nc6 Qe8 20. e4 Nb4 21. Nxe7+ Qxe7 22. Qe2 Rd8 23. a5 Nc8 24. Red1 Rbd7 25. Rxd7 Rxd7 26. Na4 Nd3 27. Qc2 Nxb2 28. Nxb2 Rb7 29. Qd3 Qe8 30. Rd1 Kf8 31. Qd8 Re7 32. Nc4 f5 33. e5 Qxd8 34. Rxd8+ Re8 35. Rxe8+ Kxe8 36. Nd6+ Kd7 37. Nxc8 Kxc8 38. Kf1 Kb7 39. Ke2 a6 40. b6 g5 41. f4 g4 42. Kd3 Kc6 43. Kc4 h6 44. Kc3 Kd7 45. Kd3 Kc6 1-0

[Event "Dubai op 17th"]
[Site "Dubai"]
[Date "2015.04.09"]
[Round "4"]
[White "Hayrapetyan, Hovik"]
[Black "Isaev, Jamshed"]
[Result "1-0"]
[WhiteElo "2465"]
[BlackElo "2310"]
[PlyCount "77"]
[EventDate "2015.04.06"]
[EventType "swiss"]
[EventRounds "9"]
[EventCountry "UAE"]
[SourceTitle "CBM 165 Extra"]
[Source "ChessBase"]
[SourceDate "2015.04.21"]
[SourceVersion "1"]
[SourceVersionDate "2015.04.21"]
[SourceQuality "1"]

1. Nf3 Nf6 2. c4 g6 3. b3 Bg7 4. Bb2 0-0 5. g3 b6 6. Bg2 Bb7 7. 0-0 c5 8. e3 Nc6 9. Qe2 d5 10. d3 e6 11. Nc3 Qe7 12. Rfd1 Rad8 13. Rac1 Rd7 14. a3 Rfd8 15. cxd5 exd5 16. Nb1 d4 17. e4 Na5 18. Qc2 Nxe4 19. Re1 Qd6 20. b4 cxb4 21. axb4 Qxb4 22. Ba3 Qb5 23. dxe4 d3 24. Qa2 Nb3 25. Rcd1 Rc8 26. Bh3 Rdc7 27. Bxc8 Bxc8 28. Bd6 Rc6 29. Na3 Qh5 30. Qxb3 Qxf3 31. Rxd3 Qh5 32. Be7 h6 33. Rd8+ Kh7 34. Qxf7 Be6 35. Rh8+ Kxh8 36. Qe8+ Kh7 37. Qxc6 Bh3 38. e5 Bg4 39. Bf6 1-0

[Event "Dubai op 17th"]
[Site "Dubai"]
[Date "2015.04.07"]
[Round "2"]
[White "Mchedlishvili, Mikheil"]
[Black "Isaev, Jamshed"]
[Result "1-0"]
[WhiteElo "2586"]
[BlackElo "2310"]
[PlyCount "54"]
[EventDate "2015.04.06"]
[EventType "swiss"]
[EventRounds "9"]
[EventCountry "UAE"]
[SourceTitle "CBM 165 Extra"]
[Source "ChessBase"]
[SourceDate "2015.04.21"]
[SourceVersion "1"]
[SourceVersionDate "2015.04.21"]
[SourceQuality "1"]

1. d4 d5 2. c4 e6 3. Nc3 Nf6 4. cxd5 exd5 5. Bg5 Be7 6. e3 0-0 7. Bd3 c6 8. Nge2 Nbd7 9. 0-0 Re8 10. f3 Nf8 11. Bh4 Ng6 12. Bf2 Bf8 13. Kh1 Be6 14. Qd2 Qd7 15. Ng3 Rad8 16. Bg1 Bd6 17. Rac1 Ne7 18. Nge2 Ng6 19. Qc2 Bb8 20. Rce1 Nh4 21. Bf2 Nxg2 22. Kxg2 Bh3+ 23. Kg1 Bxf1 24. Rxf1 Qh3 25. Ng3 g6 26. Re1 Kg7 27. Bf1 Qd7 1-0

[Event "Olympiad-41"]
[Site "Tromsoe"]
[Date "2014.08.14"]
[Round "11.3"]
[White "Isaev, Jamshed"]
[Black "Al Huwar, Jasem"]
[Result "1/2-1/2"]
[WhiteElo "2337"]
[BlackElo "2277"]
[PlyCount "154"]
[EventDate "2014.08.02"]
[EventType "team-swiss"]
[EventRounds "11"]
[EventCountry "NOR"]
[SourceTitle "CBM 162"]
[Source "ChessBase"]
[SourceDate "2014.09.17"]
[SourceVersion "1"]
[SourceVersionDate "2014.09.17"]
[SourceQuality "1"]
[WhiteTeam "Tajikistan"]
[BlackTeam "United Arab Emirates"]
[WhiteTeamCountry "TJK"]
[BlackTeamCountry "UAE"]

1. d4 g6 2. e4 Bg7 3. Nc3 d6 4. Bc4 c6 5. Qf3 e6 6. Bf4 Qe7 7. Qg3 e5 8. Bg5 Nf6 9. dxe5 dxe5 10. 0-0-0 h6 11. Bxf6 Bxf6 12. Nf3 a6 13. Rd2 b5 14. Bb3 Ra7 15. a4 Rd7 16. axb5 axb5 17. h4 Na6 18. Rxd7 Bxd7 19. Nd2 Nc5 20. Ba2 g5 21. hxg5 Bxg5 22. Qf3 Ne6 23. Nd1 Nd4 24. Qd3 c5 25. c3 c4 26. Qf1 Ne6 27. Ne3 Nc5 28. Kc2 Bc6 29. Nd5 Bxd5 30. exd5 Qa7 31. Nf3 Qxa2 32. Nxg5 Qb3+ 33. Kb1 Nd3 34. Qe2 f6 35. Ne6 Rh7 36. Nd4 Qxb2+ 37. Qxb2 Nxb2 38. Nxb5 Na4 39. Kc2 Kd8 40. Nd6 Nb6 41. Rb1 Nxd5 42. Nxc4 Kc7 43. Ra1 Kb8 44. Nd6 Rd7 45. Rb1+ Kc7 46. Nf5 h5 47. g3 Nb6 48. Ne3 Kc6 49. Rh1 Rh7 50. Rh4 Ra7 51. Nd1 Ra1 52. Rxh5 Ra2+ 53. Kd3 Nd7 54. Rf5 Kd6 55. Kc4 Rd2 56. Ne3 Ke6 57. g4 Nb6+ 58. Kb5 Nc8 59. Nc4 Rd3 60. Rh5 Rxc3 61. g5 fxg5 62. Rxg5 Nd6+ 63. Nxd6 Kxd6 64. Rf5 Ke6 65. Rf8 Kd5 66. Kb4 Rc7 67. Kb3 Ke4 68. Rf6 Kd5 69. Rf8 e4 70. Rd8+ Ke5 71. Re8+ Kf5 72. Rf8+ Kg4 73. Re8 Kf3 74. Rf8+ Ke2 75. Re8 Kf3 76. Rf8+ Ke2 77. Re8 Kxf2 1/2-1/2

[Event "Olympiad-41"]
[Site "Tromsoe"]
[Date "2014.08.04"]
[Round "3.2"]
[White "Lorne, Ras Malaku"]
[Black "Isaev, Jamshed"]
[Result "1/2-1/2"]
[WhiteElo "2056"]
[BlackElo "2337"]
[PlyCount "126"]
[EventDate "2014.08.02"]
[EventType "team-swiss"]
[EventRounds "11"]
[EventCountry "NOR"]
[SourceTitle "CBM 162"]
[Source "ChessBase"]
[SourceDate "2014.09.17"]
[SourceVersion "1"]
[SourceVersionDate "2014.09.17"]
[SourceQuality "1"]
[WhiteTeam "Jamaica"]
[BlackTeam "Tajikistan"]
[WhiteTeamCountry "JAM"]
[BlackTeamCountry "TJK"]

1. Nf3 Nf6 2. c4 g6 3. Nc3 d5 4. cxd5 Nxd5 5. Qa4+ Bd7 6. Qh4 Nxc3 7. dxc3 Nc6 8. e4 e5 9. Bg5 Be7 10. Bc4 h6 11. Bxe7 Qxe7 12. Qxe7+ Kxe7 13. 0-0-0 Bg4 14. Rd3 Rad8 15. Re3 Rd6 16. h3 Be6 17. Bxe6 Kxe6 18. Rd1 Rhd8 19. Rxd6+ cxd6 20. Nd2 d5 21. exd5+ Rxd5 22. Kc2 f5 23. f3 Rc5 24. a3 Ne7 25. Nb3 Rc4 26. Nd4+ Kf6 27. Ne2 Nd5 28. Rd3 Ke6 29. b3 Rc8 30. c4 Ne7 31. Rc3 g5 32. b4 f4 33. g4 fxg3 34. Nxg3 Ng6 35. Ne4 b6 36. c5 bxc5 37. bxc5 Nf4 38. Kb3 Nxh3 39. Rd3 h5 40. Rd6+ Ke7 41. c6 Rd8 42. Rh6 h4 43. Rh7+ Ke6 44. c7 Rc8 45. Kc4 Ng1 46. Kc5 Nxf3 47. Kc6 g4 48. Rh6+ Ke7 49. Kb7 Rxc7+ 50. Kxc7 g3 51. Nxg3 hxg3 52. Rg6 e4 53. Rxg3 Ke6 54. a4 Ke5 55. a5 Kf4 56. Rg2 Nd4 57. Kb7 e3 58. a6 Kf3 59. Rb2 e2 60. Rxe2 Kxe2 61. Kxa7 Nb5+ 62. Kb6 Nd6 63. Kc6 Nc8 1/2-1/2

[Event "Dubai op 16th"]
[Site "Dubai"]
[Date "2014.04.15"]
[Round "9"]
[White "Isaev, Jamshed"]
[Black "Stojanovic, Mihajlo"]
[Result "0-1"]
[WhiteElo "2331"]
[BlackElo "2568"]
[PlyCount "112"]
[EventDate "2014.04.07"]
[EventType "swiss"]
[EventRounds "9"]
[EventCountry "UAE"]
[SourceTitle "CBM 159 Extra"]
[Source "ChessBase"]
[SourceDate "2014.04.24"]
[SourceVersion "1"]
[SourceVersionDate "2014.04.24"]
[SourceQuality "1"]

1. e4 e6 2. d4 d5 3. Nc3 Nf6 4. e5 Nfd7 5. f4 c5 6. Nf3 a6 7. Be3 Qb6 8. Na4 Qa5+ 9. c3 cxd4 10. b4 Qc7 11. Qxd4 Nc6 12. Qd2 Be7 13. Bd3 b5 14. Nb2 a5 15. bxa5 Rxa5 16. 0-0 0-0 17. Nd4 Ba6 18. Qe2 Nc5 19. Nb3 Nxd3 20. Nxd3 Ra3 21. Ndc5 Qc8 22. Qb2 Ra4 23. Rfb1 Rc4 24. Nxa6 Qxa6 25. Nd2 Ba3 26. Qxb5 Qxb5 27. Rxb5 Rxc3 28. Bf2 Ra8 29. Nb3 h6 30. Nd4 Nxd4 31. Bxd4 Rc1+ 32. Rxc1 Bxc1 33. f5 Rxa2 34. Rb8+ Kh7 35. Rb7 Ra4 36. Bc5 Rc4 37. fxe6 fxe6 38. Be7 Kg6 39. h3 Bf4 40. Bd6 Bg3 41. Rb1 Re4 42. Kf1 Bxe5 43. Bxe5 Rxe5 44. Kf2 d4 45. Rb4 Re4 46. Rb6 Kf5 47. Rb7 Kf6 48. Rb6 h5 49. Rd6 h4 50. Kf3 Re3+ 51. Kg4 Ke5 52. Rd7 Rg3+ 53. Kxh4 Rxg2 54. Kh5 g6+ 55. Kh4 g5+ 56. Kh5 Rg3 0-1

[Event "Dubai op 16th"]
[Site "Dubai"]
[Date "2014.04.08"]
[Round "2"]
[White "Rakhmanov, Alexander"]
[Black "Isaev, Jamshed"]
[Result "1-0"]
[WhiteElo "2610"]
[BlackElo "2331"]
[PlyCount "93"]
[EventDate "2014.04.07"]
[EventType "swiss"]
[EventRounds "9"]
[EventCountry "UAE"]
[SourceTitle "CBM 159 Extra"]
[Source "ChessBase"]
[SourceDate "2014.04.24"]
[SourceVersion "1"]
[SourceVersionDate "2014.04.24"]
[SourceQuality "1"]

1. Nf3 Nf6 2. c4 g6 3. Nc3 d5 4. cxd5 Nxd5 5. Qb3 Nb6 6. d4 Bg7 7. Bf4 0-0 8. e3 Be6 9. Qa3 N8d7 10. Rd1 c6 11. Ng5 Bc4 12. Bxc4 Nxc4 13. Qb3 b5 14. 0-0 e5 15. dxe5 Qe7 16. e6 fxe6 17. Nge4 Ndb6 18. Bd6 Nxd6 19. Rxd6 Nc4 20. Rxc6 a6 21. a4 Rfe8 22. Qc2 Na5 23. Rc5 Rac8 24. Rxc8 Rxc8 25. axb5 axb5 26. Qd3 b4 27. Na4 b3 28. Qa6 Nb7 29. Qb5 Nd6 30. Nxd6 Qxd6 31. Qxb3 Rb8 32. Qc2 Qb4 33. g3 Rd8 34. b3 Rd2 35. Qc8+ Kf7 36. Nc5 Qb6 37. Ne4 Rd8 38. Qc4 h6 39. Rc1 Be5 40. Qc5 Qb8 41. b4 Rd5 42. Qc4 Bd6 43. Nxd6+ Qxd6 44. b5 Qb6 45. Qf4+ Rf5 46. Qxh6 Rxb5 47. Rc7+ 1-0

[Event "Central Asia Cup 3rd"]
[Site "Dushanbe"]
[Date "2013.10.20"]
[Round "9"]
[White "Isaev, Jamshed"]
[Black "Kuybokarov, Temur"]
[Result "1-0"]
[WhiteElo "2322"]
[BlackElo "2068"]
[PlyCount "85"]
[EventDate "2013.10.12"]
[EventType "swiss"]
[EventRounds "9"]
[EventCountry "TJK"]
[SourceTitle "EXT 2014"]
[Source "ChessBase"]
[SourceDate "2013.11.20"]
[SourceVersion "1"]
[SourceVersionDate "2013.11.20"]
[SourceQuality "1"]

1. e4 e5 2. Nf3 Nc6 3. Bb5 a6 4. Ba4 Nf6 5. 0-0 Be7 6. Re1 b5 7. Bb3 0-0 8. h3 Bb7 9. d3 d5 10. exd5 Nxd5 11. Nxe5 Nd4 12. Bd2 Re8 13. Nc3 Nxb3 14. axb3 Bd6 15. Nf3 Rxe1+ 16. Nxe1 Nf6 17. Be3 Qd7 18. d4 b4 19. Ne2 Re8 20. c4 bxc3 21. bxc3 Nd5 22. Bc1 Qe6 23. Kf1 c5 24. c4 Nf6 25. d5 Qe5 26. Bf4 Qe7 27. Bxd6 Qxd6 28. Ng3 Bc8 29. Ra2 Bd7 30. Re2 Rb8 31. Re3 Kf8 32. Nf3 Re8 33. Qe1 Rxe3 34. Qxe3 a5 35. Ne5 a4 36. Nxd7+ Nxd7 37. bxa4 Qb6 38. Kg1 Qb4 39. d6 Qb7 40. Qe7+ Kg8 41. Kh2 g6 42. Ne4 Qa8 43. Ng5 1-0

[Event "Central Asia Cup 3rd"]
[Site "Dushanbe"]
[Date "2013.10.19"]
[Round "8"]
[White "Kotsur, Pavel"]
[Black "Isaev, Jamshed"]
[Result "1-0"]
[WhiteElo "2559"]
[BlackElo "2322"]
[PlyCount "120"]
[EventDate "2013.10.12"]
[EventType "swiss"]
[EventRounds "9"]
[EventCountry "TJK"]
[SourceTitle "EXT 2014"]
[Source "ChessBase"]
[SourceDate "2013.11.20"]
[SourceVersion "1"]
[SourceVersionDate "2013.11.20"]
[SourceQuality "1"]

1. Nf3 Nf6 2. c4 g6 3. g3 Bg7 4. Bg2 0-0 5. d4 d5 6. cxd5 Nxd5 7. 0-0 Nb6 8. Nc3 Nc6 9. e3 e5 10. d5 Na5 11. e4 c6 12. d6 Bg4 13. Qd3 Qd7 14. b3 c5 15. Qb1 Nc6 16. Ba3 Bxf3 17. Bxf3 Nd4 18. Qd3 Qxd6 19. Nb5 Nxf3+ 20. Qxf3 Qc6 21. Nc3 Rfd8 22. Rac1 Rac8 23. Rfd1 Rd4 24. Ne2 Rxd1+ 25. Rxd1 c4 26. Nc3 cxb3 27. axb3 f5 28. Rd3 Bf8 29. Bxf8 Rxf8 30. Qe2 f4 31. Qd2 Qc5 32. Nd5 Nxd5 33. Rxd5 Qc7 34. Rd7 Qc6 35. Qd5+ Qxd5 36. Rxd5 fxg3 37. hxg3 Rf3 38. b4 Rb3 39. b5 a5 40. bxa6 bxa6 41. Rxe5 Kf7 42. Ra5 Rb6 43. Kg2 Kf6 44. f4 h5 45. Kh3 Re6 46. Ra4 Rb6 47. Kh4 Re6 48. Rc4 a5 49. e5+ Kf5 50. Rc8 g5+ 51. fxg5 Kg6 52. Ra8 Rxe5 53. Ra6+ Kg7 54. Kxh5 Rb5 55. Ra7+ Kg8 56. Kh6 Rb6+ 57. g6 Rb8 58. Rxa5 Rc8 59. Ra6 Rf8 60. g4 Rc8 1-0

[Event "Central Asia Cup 3rd"]
[Site "Dushanbe"]
[Date "2013.10.14"]
[Round "3"]
[White "Kazhgaleyev, Murtas"]
[Black "Isaev, Jamshed"]
[Result "1-0"]
[WhiteElo "2576"]
[BlackElo "2322"]
[PlyCount "83"]
[EventDate "2013.10.12"]
[EventType "swiss"]
[EventRounds "9"]
[EventCountry "TJK"]
[SourceTitle "EXT 2014"]
[Source "ChessBase"]
[SourceDate "2013.11.20"]
[SourceVersion "1"]
[SourceVersionDate "2013.11.20"]
[SourceQuality "1"]

1. d4 Nf6 2. c4 g6 3. Nc3 d5 4. Nf3 Bg7 5. Qb3 dxc4 6. Qxc4 0-0 7. e4 Be6 8. Qa4 c5 9. d5 Bd7 10. Qb3 Qc7 11. Be2 a6 12. a4 e6 13. 0-0 exd5 14. e5 c4 15. Qa3 Ng4 16. Nxd5 Qa5 17. Bxc4 Nc6 18. Bd2 Qd8 19. Bg5 Qb8 20. Ne7+ Kh8 21. Nxc6 Bxc6 22. Be7 Bxf3 23. Bxf8 Qxf8 24. Qxf3 Nxe5 25. Qb3 Rb8 26. Bd5 b5 27. axb5 Rxb5 28. Qxb5 axb5 29. Ra8 Qxa8 30. Bxa8 Bf6 31. Rd1 Kg7 32. b3 b4 33. h3 g5 34. Be4 h6 35. Rd5 Ng6 36. Bxg6 Kxg6 37. Kf1 Bc3 38. Ke2 f6 39. g4 h5 40. f3 h4 41. Rd7 Be5 42. Rb7 1-0